| 000 | 01810nam a22004217a 4500 | ||
|---|---|---|---|
| 003 | CHAP | ||
| 005 | 20220329140300.0 | ||
| 008 | 971013s r 00010 d | ||
| 010 | _a49725 | ||
| 011 | _a50697 | ||
| 035 | _a54847 | ||
| 040 | _cCHAP | ||
| 082 |
_a338.13 _bF4 |
||
| 110 |
_aFederación Nacional de Cafeteros de Colombia _939931 |
||
| 245 |
_aProductos agrícolas perecederos _b: base de análisis proyecciones para 19 - |
||
| 260 |
_aBogotá : _bEl Federación, _c19 - |
||
| 300 | _av. | ||
| 490 | _aSerie de precios | ||
| 500 | _aLa biblioteca tiene: 1982, 1983,1984,1984-85,1986-87,1987-88,1988-89,1989-90,1990-91 | ||
| 590 |
_aBATCH-UPD _b10 _c20130110 _lUCH01 _h0806 |
||
| 590 |
_aBATCH-UPD _b10 _c20130410 _lUCH01 _h0444 |
||
| 590 |
_aBATCH-UPD _b10 _c20130914 _lUCH01 _h1928 |
||
| 590 |
_aCONVERSION _b10 _c20130109 _lUCH01 _h1327 |
||
| 650 | 1 | 4 |
_aPolítica agrícola _xColombia. _990305 |
| 650 | 1 | 4 |
_aProductos agrícolas _xPrecios _xColombia. _992011 |
| 830 | 0 |
_aSerie de precios _9104774 |
|
| 901 | _aBK | ||
| 942 | _cLIBRO | ||
| 949 |
_a338.13 F4 _bBC _cLIBRO _d33724000364683 _eLIBRO _f1984-85 _h69980 _i54847 _si |
||
| 949 |
_a338.13 F4 _bBC _cLIBRO _d33724000364709 _eLIBRO _f1984 _h63164 _i54847 _si |
||
| 949 |
_a338.13 F4 _bBC _cLIBRO _d33724000364717 _eLIBRO _f1982 _h58298 _i54847 _si |
||
| 949 |
_a338.13 F4 _bBC _cLIBRO _d33724000364725 _eLIBRO _f1990-91 _h84073 _i54847 _si |
||
| 949 |
_a338.13 F4 _bBC _cLIBRO _d33724000364733 _eLIBRO _f1989-90 _h81271 _i54847 _si |
||
| 949 |
_a338.13 F4 _bBC _cLIBRO _d33724000364741 _eLIBRO _f1988-89 _h79163 _i54847 _si |
||
| 949 |
_a338.13 F4 _bBC _cLIBRO _d33724000364758 _eLIBRO _f1983 _h62919 _i54847 _si |
||
| 949 |
_a338.13 F4 _bBC _cLIBRO _d33724000364782 _eLIBRO _f1987-88 _h76085 _i54847 _si |
||
| 949 |
_a338.13 F4 _bBC _cLIBRO _d33724000366431 _eLIBRO _f1986-87 _h72741 _i54847 _si |
||
| 999 |
_c49725 _d49725 |
||